000 00444pab a2200169 454500
008 180718b2005 xxu||||| |||| 00| 0 eng d
100 _aJyoti
245 _aSatisfaction of textile workers with awards/settlements: an empirical analysis
260 _c2005
300 _ap.236-46.
362 _aAug
650 _aWorkers
650 _aTextile industry
700 _aSidhu, A.S.
773 _aManagement and Labour Studies
909 _a66653
999 _c66653
_d66653